000 00288nam a2200109Ia 4500
008 200302s9999 xx 000 0 und d
100 _aHenri Stierlin
245 _aIslam Early Architecture from Baghdad to Cordoba Vol 1
260 _bTaschen Verlog Gmbh
260 _c1996
300 _a240 P.,
999 _c931
_d931